000 00895nam a22002057a 4500
005 20230823104536.0
008 230807b ||||| |||| 00| 0 eng d
020 _a9789354496783
040 _cAL
041 _aeng
082 _223
_a570.02
_bBHAN
100 _aSuman Bhattacharjee
_9129713
245 _aNTA CSIR UGC NET JRF LS Life Sciences 2023
260 _aNoida
_bPearson
_c2023
300 _axcvi,849p.
_bPB
_c25x20cm.
365 _2General
_a3722
_b₹844.00
_c
_d₹1055.00
_e20%
_f4-08-2023
520 _amolecules and their interactions relevant to biology; cellular organization; fundamental processes of biology; cell communication and cell signalling; developmental biology; system physiology plants; system physiology; inheritance biology; diversity of life forms; ecological principles; evolution and behavior.
650 _2General
_aLife Sciences
_9129714
942 _2ddc
_cBK
999 _c228245
_d228245